Normal view
MARC view
- BUCCIERI,ROJANY LISA
Entry Personal Name
001 - CONTROL NUMBER
- control field: 134056
003 - CONTROL NUMBER IDENTIFIER
- control field: NUST
005 - DATE AND TIME OF LATEST TRANSACTION
- control field: 20260413112054.0
008 - FIXED-LENGTH DATA ELEMENTS
- fixed length control field: 260413|| aca||aabn | a|a d
040 ## - CATALOGING SOURCE
- Original cataloging agency: NUST
- Transcribing agency: NUST
100 ## - HEADING--PERSONAL NAME
- Personal name: BUCCIERI,ROJANY LISA
670 ## - SOURCE DATA FOUND
- Source citation: Work cat.: (NUST): BUCCIERI,ROJANY LISA., WRITING CHILDREN'S BOOKS FOR DUMMIES /, 2005.
